000
00342nam a2200145Ia 4500
008
150201s2006 xx 000 0 und d
082
_a
612.015
_b
B06C
100
_a
CAMPBELL,P.N
245
_a
BIOCHEMISTRY ILLUSTRATED
250
_a
5TH
260
_b
CHURCHILL
_a
EDINBURGH
_c
2006
300
_a
1-826
650
_a
BIOCHEMISTRY
942
_2
ddc
_c
BK
999
_c
361
_d
361